000 00815cab a2200265 4500
001 ABS43195
008 090401t1990 xxu||||| |||| 00| 0 eng d
035 _a(Sirsi) u40736
041 _aeng
100 _aRaphael, C.
245 4 _aThe long-term mortgage market now: UK banks, foreign banks and assurance companies
260 _c1990
350 _a0
490 _aJournal of Property Finance
_v1(1) Summer 1990, 19-25(7)
520 _aStudies the effects of high interest rates and diminishing tenant demand on long term mortgage lenders.
650 _aBANKS
650 _aCOMMERCIAL MORTGAGES
650 _aFUNDING
650 _aLENDING
650 _aPROPERTY COMPANIES
650 _aPROPERTY FINANCE
690 _aPROPERTY-PROPERTY FINANCE AND INVESTMENT
942 _n0
948 _c04/03/1997
999 _c26105
_d26105